000 00895nam a2200265 i 4500
001 bg
100 1 _aKOWALCZUK-JAKUBOWSKA, Danuta
245 1 0 _aRestrukturyzacja jako technika ratowania i rozwoju przedsiębiorstwa /
_cDanuta Kowalczuk-Jakubowska, Anna Malewicz ; [Instytut Organizacji i Zarządzania w Przemyśle "Orgmasz"].
260 _aWarszawa :
_b"Orgmasz",
_c1992.
300 _a136 s. :
_b3 wykr. ;
_c21 cm.
490 1 _aZarządzanie Firmą ;
_v14
504 _aBibliogr. s. 133-135.
650 9 _aPrzedsiębiorstwo
_xfinanse
650 9 _aPrzedsiębiorstwo
_xorganizacja
_xbadanie
650 9 _aPrzedsiębiorstwo
_xorganizacja
_xprawo
700 1 _aMALEWICZ, Anna
830 _aZarządzanie Firmą ;
020 _a8390490323
040 _cBPK
041 0 _apl
080 _a658.1/.5
920 _a83-904903-2-3
942 _cKS
008 s pl f |000 0 pol
999 _c31807
_d31807
856 _uhttp://koha.tu.koszalin.pl/cgi-bin/koha/opac-detail.pl?biblionumber=31807
_yKatalog online BPK